Окружающий мир. Ч. 1 (Запись № 470851)

Подробности
000 -МАРКЕР
контрольное поле 01227nam2a2200277 4500
001 - ИДЕНТИФИКАТОР ЗАПИСИ
контрольное поле RU\NLR\bibl\1290637
005 - ИДЕНТИФИКАТОР ВЕРСИИ
контрольное поле 20260406095129.0
010 ## - МЕЖДУНАРОДНЫЙ СТАНДАРТНЫЙ НОМЕР КНИГИ (ISBN)
Номер (ISBN) 978-5-17-052951-3
Уточнения ч. 1
010 ## - МЕЖДУНАРОДНЫЙ СТАНДАРТНЫЙ НОМЕР КНИГИ (ISBN)
Номер (ISBN) 978-5-271-20655-9
Уточнения ч. 1
Тираж 1400
021 ## - НОМЕР ГОСУДАРСТВЕННОЙ РЕГИСТРАЦИИ
Код страны российская федерация
Номер 2008-73201
Номер Листа государственной регистраци 4205
035 ## - ДРУГИЕ СИСТЕМНЫЕ НОМЕРА
Идентификатор записи (NLR Aleph) 001276318
100 ## - ДАННЫЕ ОБЩЕЙ ОБРАБОТКИ
Данные общей обработки 20081031d2008 |||y0rusy50 ca
101 0# - ЯЗЫК РЕСУРСА
Язык текста, звукозаписи и т.д. русский
102 ## - СТРАНА ПУБЛИКАЦИИ ИЛИ ПРОИЗВОДСТВА
Страна публикации российская федерация
105 ## - ПОЛЕ КОДИРОВАННЫХ ДАННЫХ: ТЕКСТОВЫЕ МАТЕРИАЛЫ, МОНОГРАФИЧЕСКИЕ
Кодированные данные о монографическом текстовом документе a |||||||||
200 0# - ЗАГЛАВИЕ И СВЕДЕНИЯ ОБ ОТВЕТСТВЕННОСТИ
Основное заглавие Ч. 1
Первые сведения об ответственности Г.Г. Ивченкова, И.В. Потапов
210 ## - ПУБЛИКАЦИЯ, РАСПРОСТРАНЕНИЕ И ДР.
Дата издания, распространения и т.д. 2008
Место издания, распространения и т.д. Б. м.
215 ## - ФИЗИЧЕСКАЯ ХАРАКТЕРИСТИКА
Специфическое обозначение материала и объем 158, [1] c.
Другие сведения о физической характеристике цв. ил., карт.
461 #0 - УРОВЕНЬ НАБОРА
Встроенное поле 001RU\NLR\bibl\1343860
-- 2001#$aОкружающий мир$vЧ. 1
Системный номер (АБИС) связанной записи 788273
Автор Саплина, Е. В. (1959-)
Место публикации Москва
Дата публикации 2008
Первые сведения об ответственности Е. В. Саплина, А. И. Саплин
Имя издателя, распространителя и т.д. АСТ [и др.]
Сведения, относящиеся к заглавию 4 класс : учебник для четырехлетней начальной школы : в 2 ч.
Заглавие Окружающий мир
ISBN 978-5-17-013890-6
Номер тома Ч. 1
701 #1 - ИМЯ ЛИЦА - АЛЬТЕРНАТИВНАЯ ОТВЕТСТВЕННОСТЬ
Код отношения Автор
Материалы, к которым относится поле rus
Графика поля Кириллица
Начальный элемент ввода Ивченкова
Часть имени, кроме начального элемента ввода Г. Г.
Расширение инициалов личного имени Галина Григорьевна
Идентификатор авторитетной/нормативной записи RU\NLR\auth\7771269
Системный номер авторитетной/нормативной записи 54197
801 #0 - ИСТОЧНИК ЗАПИСИ
Страна российская федерация
Организация NLR
Дата составления 20081031
Правила каталогизации RCR
801 #1 - ИСТОЧНИК ЗАПИСИ
Страна российская федерация
Организация NLR
Дата составления 20081031
942 ## - ДОПОЛНИТЕЛЬНЫЕ ЭЛЕМЕНТЫ ЗАПИСИ (АБИС)
Тип экземпляра АБИС Книга
980 ## - КОЛЛЕКЦИЯ
Название коллекции Национальная библиография
Экземпляры
Тип экземпляра Дата поступления Источник поступления Библиотека постоянного хранения Библиотека текущего хранения Место хранения Шифр хранения Штрих-код Статус не для выдачи
Книга 31.10.2008 Обязательный экземпляр РНБ (Московский) РНБ (Московский) Русский книжный фонд: издания с 1957 года, 9этаж 2008-7/6374 2783952  
Книга 31.10.2008 Обязательный экземпляр РНБ (Московский) РНБ (Московский) Обменный фонд   2783954